Carregando...
Communist bharanam Keralathil /
| Autor principal: | |
|---|---|
| Formato: | Printed Book |
| Publicado em: |
Trivandrum :
Priradarsini publications,
1959.
|
| Assuntos: |
| LEADER | 00501nam a22001337a 4500 | ||
|---|---|---|---|
| 082 | |a 321.925483 |b PAD.C | ||
| 100 | |a Padmanabha Pillai, Kainikkara. | ||
| 245 | |a Communist bharanam Keralathil / |c by Kainikkara Padmanabha Pillai. | ||
| 260 | |a Trivandrum : |b Priradarsini publications, |c 1959. | ||
| 300 | |a 204 p. | ||
| 650 | |a study | ||
| 942 | |c BK | ||
| 999 | |c 315961 |d 315961 | ||
| 952 | |0 0 |1 0 |4 0 |6 321_925483000000000_PAD_C |7 0 |8 MAL |9 337946 |a POL |b POL |c GEN |d 2020-12-02 |l 0 |o 321.925483 PAD.C |p POL19488 |r 2020-12-02 |w 2020-12-02 |y BK | ||